| 000 | 01051cad a22002535a 4500 | ||
|---|---|---|---|
| 001 | L154576 | ||
| 008 | 120103s2011 xxk 000 0 eng d | ||
| 035 | _a(Sirsi) u154576 | ||
| 041 | 0 | _aeng | |
| 110 | 2 |
_aRoyal Institution of Chartered Surveyors _bLibrary and Information Services _94634 |
|
| 245 | 0 | 0 |
_aFAQ _bwhere can I find commercial property market reports for Australia and New Zealand? _h[electronic resource] |
| 260 | _c2011 | ||
| 490 | 0 | _aRICS Library and Information Services FAQs | |
| 520 | _aProvides a select list of links to regularly appearing free online commercial property market reports for Australia and New Zealand. | ||
| 590 | _aKA | ||
| 650 | 2 | 4 | _aRICS LIBRARY AND INFORMATION SERVICES FAQS |
| 651 | 4 | _aAustralia | |
| 651 | 4 |
_aNew Zealand _y1947- |
|
| 651 | 4 | _aAustralasia | |
| 651 | 4 | _aOceania | |
| 690 | _aPROPERTY-COMMERCIAL PROPERTY-COMMERCIAL PROPERTY MARKET | ||
| 856 | 4 | 0 |
_uhttps://www.rics.org/site/scripts/faqs.aspx?categoryID=236&faqID=5674#a5674 _zView the FAQ free of charge at www.rics.org |
| 942 | _n0 | ||
| 999 |
_c83670 _d83670 |
||